Ký ức vụn

Tập hợp các tác phẩm của ông như: Con bò thằng thọt, con ù mọi, bài học đầu tiên, thầy trò một thuở, người sợ chó nhất trần gian, người nấu cơm cho Bác, người đẹp đêm giao thừa, vẩn vơ phố cổ......

Ful tanımlama

Kaydedildi:
Detaylı Bibliyografya
Yazar: Nguyễn, Quang Lập
Materyal Türü: Kitap
Dil:Undetermined
Baskı/Yayın Bilgisi: H. Văn học 2013
Konular:
Online Erişim:http://lrc.tdmu.edu.vn/opac/search/detail.asp?aID=2&ID=20195
Etiketler: Etiketle
Etiket eklenmemiş, İlk siz ekleyin!
Thư viện lưu trữ: Trung tâm Học liệu Trường Đại học Thủ Dầu Một
LEADER 00952nam a2200205Ia 4500
001 TDMU_20195
008 210410s9999 xx 000 0 und d
082 |a 895.922803 
090 |b NG527 
100 |a Nguyễn, Quang Lập 
245 0 |a Ký ức vụn 
245 0 |c Nguyễn Quang Lập 
260 |a H. 
260 |b Văn học 
260 |c 2013 
300 |a 260tr. 
520 |a Tập hợp các tác phẩm của ông như: Con bò thằng thọt, con ù mọi, bài học đầu tiên, thầy trò một thuở, người sợ chó nhất trần gian, người nấu cơm cho Bác, người đẹp đêm giao thừa, vẩn vơ phố cổ... 
650 |a Văn học Việt Nam  |v Tạp văn; Ghi chép văn học Việt Nam 
856 |u http://lrc.tdmu.edu.vn/opac/search/detail.asp?aID=2&ID=20195 
980 |a Trung tâm Học liệu Trường Đại học Thủ Dầu Một